| 000 | 00350nam a2200133Ia 4500 | ||
|---|---|---|---|
| 008 | 150201s2014 xx 000 0 und d | ||
| 082 |
_a617.525 _bC2013S |
||
| 100 | _aSHARMA ,S.M | ||
| 245 | _aCLINICS IN ORAL & MAXILLOFACIAL SURGERY | ||
| 250 | _a1ST | ||
| 260 | _bJAYPEE BROTHERS MEDICAL PUBLICATION | ||
| 650 | _aORAL SURGERY | ||
| 942 |
_2ddc _cBK _04 |
||
| 999 |
_c4846 _d4846 |
||